1073 1125 1292 1569 1827 1928 1462 1585 1183 1486 1102 1164 1899 1815 1979 1164 1255 1247 1861 1491 1467 1231 1596 1305 1422 1465 1132 1023 1972 1213 1103 1002 1667 1906 1066 1215 1816 1462 1262 1191 1558 1209 1285 1722 1071 1206 1313 1533 1459 1509 1835 1058 1170 1062 1287 1117 1909 1536 1560 1450 1194 1806 1867 1488 1777 1850 1721 1262 1428 1324 1578 1561 1768 1680 1355 1959 1788 1056 1101 1979 1542 1490 1737 1154 1077 1880 1920 1141 1538 1014 1953 1442 1737 1393 1044 1717 1200 1850 1960 BCNSPRNW ULIB Ver.6.0+V

เปลี่ยนเป็นภาษาไทย

Change to English
 แสดงรายละเอียดบรรณานุกรม
  กลับหน้าหลัก

Brief Record : Get Marc (ISO 2709) : E-mail record : QR code < ปิดหน้าต่าง
LEADER : 00000nam 2200000uu 4500
001    13399110424
003     ULIB
008    110527s2552||||th 000 0 tha d
020    9789748133577
060 04 WY164^bศ291ก 2552
100 0  ศศิธร ชิดนายี
245 10 การพยาบาลผู้ป่วยไตวายเรื้อรังที่ได้รับการฟอกเลือดด้วยเครื่องไตเทียม /^cศศิธร ชิดนายี
250    พิมพ์ครั้งที่ 2
260    นนทบุรี :^bโครงการสวัสดิการวิชาการ สถาบันพระบรมราชชนก,^c2552
300    114, [3] หน้า :^bภาพประกอบ ;^c26 ซม.
650  7 ไต, โรค^xการพยาบาล
650  7 ไตวายเรื้อรัง^xการพยาบาล
650  7 ฮีโมไดอะลัยซิส
650  7 ไตเทียม
710 2  สถาบันพระบรมราชชนก. ^bโครงการสวัสดิการวิชาการ
945    ^p210^l0^i18182
945    ^p210^l0^i18181
945    ^p210^l0^i18180
945    ^p210^l0^i18179
945    ^p210^l0^i18178
945    ^p210^l0^i17040
945    ^p210^l0^i17041
945    ^p210^l0^i24807
995    เกษร
999 ^a ใช้งานได้ทุกระบบ
รายการนี้ยังไม่มีแท็ก
คุณยังไม่ได้ล็อกอิน คุณสามารถมีกิจกรรมร่วมกับเว็บไซต์ได้ แต่ต้องล็อกอินก่อน ::
  ล็อกอิน

รายการสื่อสารสนเทศ

ลำดับที่ ประเภท เลขเรียก/บาร์โค้ด สถานที่ สถานะ
1. วิทยาศาสตร์การแพทย์ และสุขภาพ
วิทยาศาสตร์การแพทย์ และสุขภาพ
WY164 ศ291ก 2552 ฉ.3 
  Barcode: 18180
ห้องสมุดวิทยาเขตนครสวรรค์
►ส่วนจัดเก็บหนังสือเก่า นว.
บนชั้น
  ขอยืม
2. วิทยาศาสตร์การแพทย์ และสุขภาพ
วิทยาศาสตร์การแพทย์ และสุขภาพ
WY164 ศ291ก 2552 ฉ.8 
  Barcode: 24807
ห้องสมุดวิทยาเขตนครสวรรค์
►ส่วนจัดเก็บหนังสือเก่า นว.
บนชั้น
  ขอยืม

รายการใกล้เคียง
    ผู้แต่ง [ศศิธร ชิดนายี]

    หัวเรื่อง [ฮีโมไดอะลัยซิส]
    หัวเรื่อง [ไตเทียม]

BibComment


ยังไม่เคยถูกคอมเมนท์

คอมเมนท์ทรัพยากรรายการนี้
  คอมเมนท์: การพยาบาลผู้ป่วยไ..


 Copyright 2026. Bcnsprnw @Library